| 000 | 00643nam a2200241Ia 4500 | ||
|---|---|---|---|
| 003 | OSt | ||
| 005 | 20220926012412.0 | ||
| 006 | a|||||r|||| 00| 0 | ||
| 007 | ta | ||
| 008 | 220923b |||||||| |||| 00| 0 eng d | ||
| 037 | _cGeneral Book | ||
| 040 |
_aRTL _cRTL _beng |
||
| 041 |
_2eng _aeng |
||
| 082 | _aY7436, L3 | ||
| 100 |
_aNeill Wilfred T _996978 |
||
| 245 | 0 | _aTwentieth century Indonesia | |
| 260 |
_aNew York _bColumbia _c1973 |
||
| 300 |
_axiv, 413p _ccm. |
||
| 500 | _aBibliography: P 391-404 | ||
| 650 | _aTerritorial | ||
| 942 |
_hY7436, L3 _cGB _2CC |
||
| 999 |
_c622787 _d622787 |
||